00000000nam##2200000za#4500
0019.546158
003CaOODSP
00520210615091434
007ta
008150406|2008||||xxc|||||     f|0| 0 eng|d
022 |a0706-6457
040 |aCaOODSP|beng
041 |aeng
041 |afre
043 |an-cn---
0861 |aFs97-6/2793
1101 |aCanada. |bDepartment of Fisheries and Oceans.
24510|aProceedings of the 34th annual aquatic toxicity workshop : |bSeptember 30 to October 3, 2007, Halifax, Nova Scotia / |ceditors, K.A. Kidd ... [et al.]
260 |aSt. Andrews - New Brunswick : |bFisheries and Oceans Canada |c2008.
300 |axviii, 267p. : |bfigs., graphs, references, tables, index ; |c28 cm.
4901 |aCanadian technical report of fisheries and aquatic sciences|x0706-6457|v2793
500 |a"Fisheries and Oceans Canada, St. Andrews, NB, E5B 2L9".
504 |aBibliography.
5203 |aContains paper, abstracts or extended abstracts of all presentations at the workshop. An author index is also included.
546 |aIntroductory text in English and French. Articles in their original languages.
563 |aSoftcover
590 |a08-27|b2008-07-04
69007|aAquatic ecosystems|2gcpds
69007|aToxicology|2gcpds
69007|aWater pollution|2gcpds
7201 |aClément, M.
7760#|tCompes rendus du 34ième atelier annuel sur la toxicité aquatique : |w(CaOODSP)9.589958
792 |tCompes rendus du 34ième atelier annuel sur la toxicité aquatique : |efre|w(CaOODSP)9.546159
830#0|aCanadian technical report of fisheries and aquatic sciences,|x0706-6457|v2793|w(CaOODSP)9.514690